[Event "European Online Club-ch-A 2021"]
[Site "Online"]
[Date "2021.03.27"]
[Round "4.2"]
[White "De Verdier, Michael"]
[Black "Krieger, Markus"]
[Result "1-0"]
[WhiteElo "2291"]
[BlackElo "2050"]
[Annotator "NA"]
[PlyCount "89"]
[EventDate "2021.03.27"]
[EventType "team-tourn"]
[EventCountry "NET"]
[SourceTitle "playchess.com"]
[Source "ChessBase"]
[SourceQuality "1"]
[TimeControl "900+5"]

1. c4 {[%emt 0:00:00]} e5 {[%emt 0:00:03]} 2. Nc3 {[%emt 0:00:06]} Bb4 {[%emt 0:00:04]} 3. Qc2 {[%emt 0:00:25]} Nc6 {[%emt 0:00:07]} 4. e3 {[%emt 0:00:03]} Nf6 {[%emt 0:00:19]} 5. Nf3 {[%emt 0:00:05]} O-O {[%emt 0:00:05]} 6. Nd5 {[%emt 0:00:03]} Bd6 {[%emt 0:00:29]} 7. Ng5 {[%emt 0:01:34]} g6 {[%emt 0:00:12]} 8. Nxf6+ {[%emt 0:00:03]} Qxf6 {[%emt 0:00:00]} 9. Ne4 {[%emt 0:00:01]} Qe6 {[%emt 0:00:09]} 10. Nxd6 {[%emt 0:01:03]} Qxd6 {[%emt 0:00:07]} 11. d3 {[%emt 0:00:13]} Qe7 {[%emt 0:00:22]} 12. Be2 {[%emt 0:00:08]} d6 {[%emt 0:00:20]} 13. O-O {[%emt 0:00:05]} f5 {[%emt 0:00:06]} 14. Bd2 {[%emt 0:00:28]} b6 {[%emt 0:00:57]} 15. Bf3 {[%emt 0:00:40]} Bb7 {[%emt 0:00:07]} 16. Bd5+ {[%emt 0:00:08]} Kg7 {[%emt 0:00:09]} 17. Bc3 {[%emt 0:01:24]} Nd8 {[%emt 0:00:50]} 18. Bxb7 {[%emt 0:00:16]} Nxb7 {[%emt 0:00:00]} 19. b4 {[%emt 0:00:20]} f4 {[%emt 0:00:45]} 20. exf4 {[%emt 0:00:44]} Rxf4 {[%emt 0:00:05]} 21. Rae1 {[%emt 0:00:01]} c5 {[%emt 0:00:47]} 22. bxc5 {[%emt 0:00:47]} bxc5 {[%emt 0:00:08]} 23. Qb2 {[%emt 0:00:51]} Re8 {[%emt 0:01:55]} 24. Re3 {[%emt 0:01:05]} Nd8 {[%emt 0:00:17]} 25. g3 {[%emt 0:00:08]} Rf5 {[%emt 0:01:17]} 26. f4 {[%emt 0:01:14]} Nc6 {[%emt 0:00:28]} 27. Rfe1 {[%emt 0:00:13]} Kf8 {[%emt 0:01:59]} 28. Re4 {[%emt 0:01:21]} Nd4 {[%emt 0:00:57]} 29. Bxd4 {[%emt 0:00:08]} cxd4 {[%emt 0:00:04]} 30. Rxd4 {[%emt 0:00:05]} exd4 {[%emt 0:00:59]} 31. Rxe7 {[%emt 0:00:00]} Rxe7 {[%emt 0:00:45]} 32. Qxd4 {[%emt 0:00:11]} Kg8 {[%emt 0:00:37]} 33. Qxd6 {[%emt 0:00:12]} Rff7 {[%emt 0:00:23]} 34. Qd8+ {[%emt 0:00:42]} Kg7 {[%emt 0:00:03]} 35. Qd4+ {[%emt 0:00:01]} Kg8 {[%emt 0:00:02]} 36. Qd8+ {[%emt 0:00:08]} Kg7 {[%emt 0:00:02]} 37. Qd4+ {[%emt 0:00:01]} Kg8 {[%emt 0:00:02]} 38. c5 {[%emt 0:00:02]} Re2 {[%emt 0:00:21]} 39. Qc4 {[%emt 0:00:53]} Kg7 {[%emt 0:00:12]} 40. c6 {[%emt 0:00:03]} Rc7 {[%emt 0:01:21]} 41. d4 {[%emt 0:00:14]} Re4 {[%emt 0:00:18]} 42. Qc3 {[%emt 0:00:22]} Kf6 {[%emt 0:00:08]} 43. d5+ {[%emt 0:00:12]} Ke7 {[%emt 0:00:08]} 44. Qc5+ {[%emt 0:00:15]} Kf6 {[%emt 0:00:04]} 45. Qd6+ {[%emt 0:00:04]} 1-0

[Event "European Online Club-ch-A 2021"]
[Site "Online"]
[Date "2021.03.27"]
[Round "4.3"]
[White "Ferster, Fabian"]
[Black "Czopor, Maciej"]
[Result "1-0"]
[WhiteElo "2149"]
[BlackElo "2239"]
[Annotator "NA"]
[PlyCount "31"]
[EventDate "2021.03.27"]
[EventType "team-tourn"]
[EventCountry "NET"]
[SourceTitle "playchess.com"]
[Source "ChessBase"]
[SourceQuality "1"]
[TimeControl "900+5"]

1. c4 {[%emt 0:00:00]} b6 {[%emt 0:00:04]} 2. e4 {[%emt 0:00:03]} Bb7 {[%emt 0:00:02]} 3. Nc3 {[%emt 0:00:02]} e5 {[%emt 0:00:06]} 4. Nf3 {[%emt 0:00:04]} Nc6 {[%emt 0:00:12]} 5. d4 {[%emt 0:00:17]} exd4 {[%emt 0:00:07]} 6. Nxd4 {[%emt 0:00:02]} Nf6 {[%emt 0:00:29]} 7. Bg5 {[%emt 0:00:09]} Be7 {[%emt 0:02:09]} 8. Nf5 {[%emt 0:00:58]} O-O {[%emt 0:00:31]} 9. Bd3 {[%emt 0:00:18]} Ne5 {[%emt 0:01:11]} 10. f4 {[%emt 0:01:02]} Nxd3+ {[%emt 0:01:01]} 11. Qxd3 {[%emt 0:00:04]} d6 {[%emt 0:04:39]} 12. O-O-O {[%emt 0:00:29]} Qe8 {[%emt 0:03:15]} 13. e5 {[%emt 0:02:32]} dxe5 {[%emt 0:00:12]} 14. fxe5 {[%emt 0:00:03]} Nd5 {[%emt 0:00:23]} 15. Qg3 {[%emt 0:01:36]} f6 {[%emt 0:01:46]} 16. Bh6 {[%emt 0:00:35]} 1-0

[Event "European Online Club-ch-A 2021"]
[Site "Online"]
[Date "2021.03.27"]
[Round "4.4"]
[White "Royal, Shreyas"]
[Black "Frick, Renato"]
[Result "1-0"]
[WhiteElo "2121"]
[BlackElo "1947"]
[Annotator "NA"]
[PlyCount "67"]
[EventDate "2021.03.27"]
[EventType "team-tourn"]
[EventCountry "NET"]
[SourceTitle "playchess.com"]
[Source "ChessBase"]
[SourceQuality "1"]
[TimeControl "900+5"]

1. d4 {[%emt 0:00:00]} Nf6 {[%emt 0:00:07]} 2. c4 {[%emt 0:00:02]} e6 {[%emt 0:00:04]} 3. g3 {[%emt 0:00:02]} d5 {[%emt 0:00:07]} 4. Nf3 {[%emt 0:00:07]} c6 {[%emt 0:00:03]} 5. Bg2 {[%emt 0:00:04]} Bb4+ {[%emt 0:00:14]} 6. Bd2 {[%emt 0:00:05]} Be7 {[%emt 0:00:05]} 7. O-O {[%emt 0:00:02]} b6 {[%emt 0:00:08]} 8. Qc2 {[%emt 0:00:06]} O-O {[%emt 0:00:28]} 9. Rd1 {[%emt 0:00:14]} Nbd7 {[%emt 0:00:22]} 10. Bf4 {[%emt 0:00:56]} Bb7 {[%emt 0:00:17]} 11. Ne5 {[%emt 0:00:08]} Rc8 {[%emt 0:01:12]} 12. Nc3 {[%emt 0:00:06]} Nxe5 {[%emt 0:00:09]} 13. dxe5 {[%emt 0:01:28]} Nd7 {[%emt 0:00:12]} 14. cxd5 {[%emt 0:00:02]} cxd5 {[%emt 0:00:20]} 15. e4 {[%emt 0:00:20]} g5 {[%emt 0:01:13]} 16. exd5 {[%emt 0:00:45]} exd5 {[%emt 0:00:07]} 17. Bxd5 {[%emt 0:00:42]} Bxd5 {[%emt 0:01:45]} 18. Rxd5 {[%emt 0:00:03]} gxf4 {[%emt 0:00:01]} 19. Qf5 {[%emt 0:00:03]} fxg3 {[%emt 0:00:25]} 20. hxg3 {[%emt 0:00:16]} Rc7 {[%emt 0:02:15]} 21. Rad1 {[%emt 0:01:34]} Qc8 {[%emt 0:01:17]} 22. Rxd7 {[%emt 0:01:18]} Rd8 {[%emt 0:02:07]} 23. Rxd8+ {[%emt 0:00:36]} Bxd8 {[%emt 0:00:05]} 24. Qxc8 {[%emt 0:00:30]} Rxc8 {[%emt 0:00:03]} 25. Rd7 {[%emt 0:00:01]} Bc7 {[%emt 0:00:03]} 26. f4 {[%emt 0:00:03]} Kf8 {[%emt 0:00:15]} 27. Nd5 {[%emt 0:00:48]} Bb8 {[%emt 0:00:11]} 28. Nf6 {[%emt 0:00:02]} Kg7 {[%emt 0:00:14]} 29. Kg2 {[%emt 0:00:20]} a6 {[%emt 0:00:52]} 30. Kh3 {[%emt 0:00:12]} b5 {[%emt 0:00:17]} 31. Kg4 {[%emt 0:00:19]} a5 {[%emt 0:00:16]} 32. Rd5 {[%emt 0:00:14]} Bc7 {[%emt 0:00:25]} 33. Rc5 {[%emt 0:00:17]} b4 {[%emt 0:00:18]} 34. Rxc7 {[%emt 0:00:09]} 1-0

[Event "European Online Club-ch-A 2021"]
[Site "Online"]
[Date "2021.03.27"]
[Round "4.5"]
[White "Celik, Hasan Huseyin"]
[Black "Grinev, Valeriy"]
[Result "1/2-1/2"]
[WhiteElo "2173"]
[BlackElo "2441"]
[Annotator "NA"]
[PlyCount "181"]
[EventDate "2021.03.27"]
[EventType "team-tourn"]
[EventCountry "NET"]
[SourceTitle "playchess.com"]
[Source "ChessBase"]
[SourceQuality "1"]
[TimeControl "900+5"]

1. d4 {[%emt 0:00:00]} Nf6 {[%emt 0:00:03]} 2. Bg5 {[%emt 0:00:10]} Ne4 {[%emt 0:00:04]} 3. Bf4 {[%emt 0:00:02]} c5 {[%emt 0:00:03]} 4. f3 {[%emt 0:00:05]} Qa5+ {[%emt 0:00:03]} 5. c3 {[%emt 0:00:01]} Nf6 {[%emt 0:00:02]} 6. d5 {[%emt 0:00:01]} e6 {[%emt 0:00:02]} 7. e4 {[%emt 0:00:02]} exd5 {[%emt 0:00:02]} 8. exd5 {[%emt 0:00:01]} d6 {[%emt 0:00:02]} 9. Na3 {[%emt 0:00:05]} Be7 {[%emt 0:00:05]} 10. Nc4 {[%emt 0:00:01]} Qc7 {[%emt 0:00:05]} 11. a4 {[%emt 0:00:10]} O-O {[%emt 0:00:07]} 12. Ne2 {[%emt 0:00:14]} Nh5 {[%emt 0:00:09]} 13. Be3 {[%emt 0:00:08]} f5 {[%emt 0:00:07]} 14. Nf4 {[%emt 0:00:25]} Nxf4 {[%emt 0:00:35]} 15. Bxf4 {[%emt 0:00:02]} Nd7 {[%emt 0:00:03]} 16. Be2 {[%emt 0:00:05]} Nb6 {[%emt 0:00:04]} 17. O-O {[%emt 0:00:07]} Nxc4 {[%emt 0:00:02]} 18. Bxc4 {[%emt 0:00:01]} Bd7 {[%emt 0:00:03]} 19. Re1 {[%emt 0:00:02]} Rae8 {[%emt 0:00:06]} 20. Qd3 {[%emt 0:00:04]} Bh4 {[%emt 0:00:09]} 21. g3 {[%emt 0:00:06]} Bf6 {[%emt 0:00:02]} 22. Bb5 {[%emt 0:00:02]} a6 {[%emt 0:00:14]} 23. Bxd7 {[%emt 0:00:12]} Qxd7 {[%emt 0:00:01]} 24. b3 {[%emt 0:00:04]} g6 {[%emt 0:00:24]} 25. Rab1 {[%emt 0:00:19]} Kf7 {[%emt 0:00:06]} 26. Kf2 {[%emt 0:00:02]} Rxe1 {[%emt 0:00:09]} 27. Rxe1 {[%emt 0:00:03]} Re8 {[%emt 0:00:01]} 28. Rxe8 {[%emt 0:00:08]} Kxe8 {[%emt 0:00:03]} 29. Be3 {[%emt 0:02:03]} b5 {[%emt 0:00:20]} 30. axb5 {[%emt 0:00:03]} axb5 {[%emt 0:00:02]} 31. c4 {[%emt 0:00:08]} bxc4 {[%emt 0:00:07]} 32. bxc4 {[%emt 0:00:02]} Qa4 {[%emt 0:00:42]} 33. Qe2 {[%emt 0:00:16]} Kf7 {[%emt 0:00:27]} 34. Bf4 {[%emt 0:00:04]} Qd7 {[%emt 0:00:04]} 35. Qa2 {[%emt 0:00:04]} Qe7 {[%emt 0:00:14]} 36. Qe2 {[%emt 0:00:59]} Bd4+ {[%emt 0:00:32]} 37. Kf1 {[%emt 0:00:05]} Qd7 {[%emt 0:00:30]} 38. h4 {[%emt 0:00:11]} Bf6 {[%emt 0:00:04]} 39. Kg2 {[%emt 0:00:05]} Bd4 {[%emt 0:00:14]} 40. Kh3 {[%emt 0:00:06]} Bf6 {[%emt 0:00:02]} 41. Kg2 {[%emt 0:00:13]} Bd4 {[%emt 0:00:02]} 42. g4 {[%emt 0:00:02]} fxg4 {[%emt 0:00:03]} 43. fxg4 {[%emt 0:00:02]} Bf6 {[%emt 0:00:10]} 44. Kg3 {[%emt 0:00:07]} Qe7 {[%emt 0:00:27]} 45. Qxe7+ {[%emt 0:00:14]} Kxe7 {[%emt 0:00:02]} 46. h5 {[%emt 0:00:03]} Kd7 {[%emt 0:00:14]} 47. Kf3 {[%emt 0:00:11]} Ke7 {[%emt 0:00:06]} 48. Bh6 {[%emt 0:00:14]} Kf7 {[%emt 0:00:13]} 49. Ke4 {[%emt 0:00:10]} Be5 {[%emt 0:00:15]} 50. Bg5 {[%emt 0:00:09]} Bh2 {[%emt 0:00:06]} 51. Be3 {[%emt 0:00:04]} Kf6 {[%emt 0:00:07]} 52. Bd2 {[%emt 0:00:56]} Be5 {[%emt 0:00:07]} 53. Ba5 {[%emt 0:00:36]} Kg5 {[%emt 0:00:18]} 54. hxg6 {[%emt 0:00:09]} Kxg6 {[%emt 0:00:45]} 55. Bd2 {[%emt 0:00:06]} Kf6 {[%emt 0:00:09]} 56. Kd3 {[%emt 0:00:05]} Kg6 {[%emt 0:00:28]} 57. Kc2 {[%emt 0:00:05]} Kf6 {[%emt 0:00:05]} 58. Kb3 {[%emt 0:00:05]} Ke7 {[%emt 0:00:03]} 59. Ka4 {[%emt 0:00:03]} Kd7 {[%emt 0:00:01]} 60. Kb5 {[%emt 0:00:02]} Bh2 {[%emt 0:00:03]} 61. Ka4 {[%emt 0:00:03]} Be5 {[%emt 0:00:09]} 62. Kb3 {[%emt 0:00:02]} Ke7 {[%emt 0:00:02]} 63. Bg5+ {[%emt 0:00:04]} Kf7 {[%emt 0:00:17]} 64. Kc2 {[%emt 0:00:02]} Kg6 {[%emt 0:00:05]} 65. Be7 {[%emt 0:00:02]} h5 {[%emt 0:00:13]} 66. gxh5+ {[%emt 0:00:02]} Kxh5 {[%emt 0:00:02]} 67. Kd3 {[%emt 0:00:01]} Kg6 {[%emt 0:00:03]} 68. Ke4 {[%emt 0:00:03]} Bh2 {[%emt 0:00:13]} 69. Bh4 {[%emt 0:00:04]} Be5 {[%emt 0:00:05]} 70. Be1 {[%emt 0:00:02]} Kf6 {[%emt 0:00:04]} 71. Bd2 {[%emt 0:00:04]} Bh2 {[%emt 0:00:03]} 72. Bc3+ {[%emt 0:00:08]} Kg6 {[%emt 0:00:04]} 73. Be1 {[%emt 0:00:14]} Kf6 {[%emt 0:00:03]} 74. Bh4+ {[%emt 0:00:02]} Kg6 {[%emt 0:00:03]} 75. Bf2 {[%emt 0:00:02]} Kf6 {[%emt 0:00:02]} 76. Be3 {[%emt 0:00:07]} Kg6 {[%emt 0:00:04]} 77. Bd2 {[%emt 0:00:01]} Kf6 {[%emt 0:00:03]} 78. Ba5 {[%emt 0:00:02]} Kg6 {[%emt 0:00:03]} 79. Bd8 {[%emt 0:00:02]} Bg3 {[%emt 0:00:06]} 80. Kf3 {[%emt 0:00:03]} Be5 {[%emt 0:00:03]} 81. Kg4 {[%emt 0:00:01]} Bh2 {[%emt 0:00:05]} 82. Be7 {[%emt 0:00:04]} Be5 {[%emt 0:00:03]} 83. Bg5 {[%emt 0:00:02]} Bh2 {[%emt 0:00:03]} 84. Bd2 {[%emt 0:00:03]} Kf6 {[%emt 0:00:07]} 85. Bc3+ {[%emt 0:00:03]} Kg6 {[%emt 0:00:11]} 86. Bb2 {[%emt 0:00:11]} Bg1 {[%emt 0:00:18]} 87. Bc1 {[%emt 0:00:09]} Bh2 {[%emt 0:00:03]} 88. Bg5 {[%emt 0:00:02]} Be5 {[%emt 0:00:03]} 89. Bd2 {[%emt 0:00:02]} Kf6 {[%emt 0:00:10]} 90. Bg5+ {[%emt 0:00:03]} Kg6 {[%emt 0:00:02]} 91. Bd2 {[%emt 0:00:03]} 1/2-1/2

[Event "European Online Club-ch-A 2021"]
[Site "Online"]
[Date "2021.03.27"]
[Round "4.6"]
[White "Mitusov, Semen"]
[Black "Gurel, Ediz"]
[Result "0-1"]
[WhiteElo "2297"]
[BlackElo "2168"]
[Annotator "NA"]
[PlyCount "82"]
[EventDate "2021.03.27"]
[EventType "team-tourn"]
[EventCountry "NET"]
[SourceTitle "playchess.com"]
[Source "ChessBase"]
[SourceQuality "1"]
[TimeControl "900+5"]

1. e4 {[%emt 0:00:00]} c5 {[%emt 0:00:02]} 2. Nf3 {[%emt 0:00:04]} e6 {[%emt 0:00:01]} 3. c3 {[%emt 0:00:04]} Nf6 {[%emt 0:00:02]} 4. e5 {[%emt 0:00:02]} Nd5 {[%emt 0:00:01]} 5. d4 {[%emt 0:00:02]} cxd4 {[%emt 0:00:01]} 6. cxd4 {[%emt 0:00:03]} d6 {[%emt 0:00:01]} 7. a3 {[%emt 0:00:02]} Bd7 {[%emt 0:00:04]} 8. Bd3 {[%emt 0:00:02]} Bc6 {[%emt 0:00:02]} 9. O-O {[%emt 0:00:03]} Nd7 {[%emt 0:00:02]} 10. Re1 {[%emt 0:00:04]} Rc8 {[%emt 0:00:05]} 11. Nbd2 {[%emt 0:00:03]} dxe5 {[%emt 0:00:39]} 12. dxe5 {[%emt 0:00:03]} Nc5 {[%emt 0:00:20]} 13. Bf1 {[%emt 0:00:04]} Nf4 {[%emt 0:00:43]} 14. Re3 {[%emt 0:02:21]} Be7 {[%emt 0:00:57]} 15. g3 {[%emt 0:00:45]} Nd5 {[%emt 0:00:55]} 16. Re1 {[%emt 0:00:10]} O-O {[%emt 0:00:23]} 17. Nd4 {[%emt 0:00:15]} Bd7 {[%emt 0:01:07]} 18. Ne4 {[%emt 0:00:46]} Nxe4 {[%emt 0:00:31]} 19. Rxe4 {[%emt 0:00:04]} Qb6 {[%emt 0:00:15]} 20. Rg4 {[%emt 0:01:17]} f5 {[%emt 0:00:51]} 21. exf6 {[%emt 0:00:09]} Bxf6 {[%emt 0:00:18]} 22. Bg2 {[%emt 0:00:20]} Kh8 {[%emt 0:00:30]} 23. Re4 {[%emt 0:00:51]} e5 {[%emt 0:00:39]} 24. Nf3 {[%emt 0:00:20]} Bf5 {[%emt 0:02:07]} 25. Re2 {[%emt 0:01:08]} Rcd8 {[%emt 0:00:53]} 26. Rd2 {[%emt 0:00:18]} Ne7 {[%emt 0:00:10]} 27. Rxd8 {[%emt 0:01:16]} Rxd8 {[%emt 0:00:03]} 28. Qe1 {[%emt 0:00:11]} e4 {[%emt 0:01:18]} 29. Ng5 {[%emt 0:00:15]} Re8 {[%emt 0:01:47]} 30. Qe2 {[%emt 0:02:07]} Nd5 {[%emt 0:00:57]} 31. Qc4 {[%emt 0:00:05]} Bxg5 {[%emt 0:00:47]} 32. Qxd5 {[%emt 0:00:38]} Bxc1 {[%emt 0:00:40]} 33. Rxc1 {[%emt 0:00:12]} Qxb2 {[%emt 0:00:04]} 34. Re1 {[%emt 0:00:17]} Bg6 {[%emt 0:00:14]} 35. Re3 {[%emt 0:00:27]} Rf8 {[%emt 0:00:12]} 36. f4 {[%emt 0:00:25]} exf3 {[%emt 0:00:07]} 37. Rxf3 {[%emt 0:00:04]} Qb6+ {[%emt 0:00:05]} 38. Kh1 {[%emt 0:00:15]} Qb1+ {[%emt 0:00:08]} 39. Bf1 {[%emt 0:00:02]} Be4 {[%emt 0:00:04]} 40. Kg1 {[%emt 0:00:32]} Bxf3 {[%emt 0:00:07]} 41. Qd6 {[%emt 0:00:07]} Qb6+ {[%emt 0:00:02]} 0-1

[Event "European Online Club-ch-A 2021"]
[Site "Online"]
[Date "2021.03.27"]
[Round "4.7"]
[White "Emir, Doruk"]
[Black "Babiy, Igor"]
[Result "1/2-1/2"]
[WhiteElo "1852"]
[BlackElo "2241"]
[Annotator "NA"]
[PlyCount "234"]
[EventDate "2021.03.27"]
[EventType "team-tourn"]
[EventCountry "NET"]
[SourceTitle "playchess.com"]
[Source "ChessBase"]
[SourceQuality "1"]
[TimeControl "900+5"]

1. Nf3 {[%emt 0:00:00]} d5 {[%emt 0:00:07]} 2. d4 {[%emt 0:00:15]} Nf6 {[%emt 0:00:14]} 3. Bf4 {[%emt 0:00:04]} c5 {[%emt 0:00:29]} 4. e3 {[%emt 0:00:17]} Nc6 {[%emt 0:00:22]} 5. Nc3 {[%emt 0:01:22]} a6 {[%emt 0:01:12]} 6. Be2 {[%emt 0:01:08]} Bg4 {[%emt 0:01:26]} 7. O-O {[%emt 0:00:11]} e6 {[%emt 0:00:02]} 8. Ne5 {[%emt 0:02:47]} Bxe2 {[%emt 0:00:05]} 9. Nxe2 {[%emt 0:00:03]} Rc8 {[%emt 0:00:41]} 10. Ng3 {[%emt 0:00:38]} cxd4 {[%emt 0:00:45]} 11. exd4 {[%emt 0:00:13]} Bd6 {[%emt 0:00:18]} 12. c3 {[%emt 0:00:32]} O-O {[%emt 0:00:21]} 13. Qe2 {[%emt 0:00:35]} Ne7 {[%emt 0:00:31]} 14. Bg5 {[%emt 0:00:37]} Ng6 {[%emt 0:00:10]} 15. f4 {[%emt 0:01:00]} Be7 {[%emt 0:00:06]} 16. f5 {[%emt 0:00:15]} exf5 {[%emt 0:01:24]} 17. Nxf5 {[%emt 0:00:18]} Ne4 {[%emt 0:00:21]} 18. Bxe7 {[%emt 0:01:43]} Nxe7 {[%emt 0:00:03]} 19. Qg4 {[%emt 0:00:18]} Nxf5 {[%emt 0:00:02]} 20. Rxf5 {[%emt 0:00:07]} f6 {[%emt 0:01:20]} 21. Raf1 {[%emt 0:00:50]} Qd6 {[%emt 0:00:24]} 22. Nd3 {[%emt 0:00:39]} Rcd8 {[%emt 0:01:10]} 23. Nf4 {[%emt 0:00:31]} Qc6 {[%emt 0:00:04]} 24. Rh5 {[%emt 0:00:19]} Rf7 {[%emt 0:00:36]} 25. Rxh7 {[%emt 0:00:37]} Kxh7 {[%emt 0:00:18]} 26. Qh5+ {[%emt 0:00:05]} Kg8 {[%emt 0:00:02]} 27. Ng6 {[%emt 0:00:01]} Rfd7 {[%emt 0:00:33]} 28. Qh8+ {[%emt 0:00:07]} Kf7 {[%emt 0:00:02]} 29. Ne5+ {[%emt 0:00:01]} Ke6 {[%emt 0:00:39]} 30. Qh3+ {[%emt 0:00:27]} Kd6 {[%emt 0:00:02]} 31. Nxc6 {[%emt 0:00:07]} Kxc6 {[%emt 0:00:11]} 32. Re1 {[%emt 0:00:04]} Re7 {[%emt 0:00:15]} 33. Qd3 {[%emt 0:00:25]} Rde8 {[%emt 0:00:28]} 34. c4 {[%emt 0:00:15]} dxc4 {[%emt 0:00:01]} 35. Qxc4+ {[%emt 0:00:04]} Kd7 {[%emt 0:00:02]} 36. Rc1 {[%emt 0:00:09]} Rd8 {[%emt 0:00:23]} 37. Re1 {[%emt 0:00:42]} Rde8 {[%emt 0:00:03]} 38. Qd5+ {[%emt 0:00:09]} Nd6 {[%emt 0:00:03]} 39. Rc1 {[%emt 0:00:05]} Re2 {[%emt 0:00:21]} 40. Qf3 {[%emt 0:00:12]} R8e4 {[%emt 0:00:19]} 41. Qc3 {[%emt 0:00:07]} Ke6 {[%emt 0:00:19]} 42. d5+ {[%emt 0:00:04]} Kxd5 {[%emt 0:00:15]} 43. Qc7 {[%emt 0:00:04]} Re1+ {[%emt 0:00:59]} 44. Rxe1 {[%emt 0:00:03]} Rxe1+ {[%emt 0:00:00]} 45. Kf2 {[%emt 0:00:02]} Rd1 {[%emt 0:00:16]} 46. Kg3 {[%emt 0:00:12]} Rd3+ {[%emt 0:00:08]} 47. Kg4 {[%emt 0:00:02]} g6 {[%emt 0:00:14]} 48. g3 {[%emt 0:00:04]} Rd4+ {[%emt 0:00:19]} 49. Kh3 {[%emt 0:00:03]} g5 {[%emt 0:00:00]} 50. Qc2 {[%emt 0:00:07]} g4+ {[%emt 0:00:02]} 51. Kh4 {[%emt 0:00:02]} f5 {[%emt 0:00:00]} 52. Kg5 {[%emt 0:00:07]} b5 {[%emt 0:00:26]} 53. a3 {[%emt 0:00:05]} a5 {[%emt 0:00:05]} 54. Qb3+ {[%emt 0:00:01]} Kc5 {[%emt 0:00:04]} 55. Qc3+ {[%emt 0:00:03]} Kd5 {[%emt 0:00:13]} 56. Qxa5 {[%emt 0:00:05]} Ke6 {[%emt 0:00:06]} 57. Qb6 {[%emt 0:00:07]} Kd5 {[%emt 0:00:05]} 58. b4 {[%emt 0:00:04]} Rc4 {[%emt 0:00:07]} 59. a4 {[%emt 0:00:06]} bxa4 {[%emt 0:00:05]} 60. Qa5+ {[%emt 0:00:01]} Ke4 {[%emt 0:00:15]} 61. Qxa4 {[%emt 0:00:05]} Kd5 {[%emt 0:00:04]} 62. Qa8+ {[%emt 0:00:06]} Kd4 {[%emt 0:00:03]} 63. Qd8 {[%emt 0:00:05]} Kd5 {[%emt 0:00:04]} 64. Qb6 {[%emt 0:00:07]} Ke6 {[%emt 0:00:06]} 65. Qb8 {[%emt 0:00:14]} Rc2 {[%emt 0:00:08]} 66. b5 {[%emt 0:00:04]} Rb2 {[%emt 0:00:04]} 67. b6 {[%emt 0:00:01]} Rb5 {[%emt 0:00:02]} 68. Qg8+ {[%emt 0:00:09]} Ke5 {[%emt 0:00:02]} 69. Qg7+ {[%emt 0:00:02]} Kd5 {[%emt 0:00:04]} 70. Qg6 {[%emt 0:00:06]} Kc6 {[%emt 0:00:03]} 71. Kh4 {[%emt 0:00:05]} Rxb6 {[%emt 0:00:02]} 72. Qg5 {[%emt 0:00:04]} Rb5 {[%emt 0:00:02]} 73. Qc1+ {[%emt 0:00:03]} Kd5 {[%emt 0:00:02]} 74. Qf4 {[%emt 0:00:03]} Rc5 {[%emt 0:00:04]} 75. Kh5 {[%emt 0:00:04]} Rc4 {[%emt 0:00:02]} 76. Qh6 {[%emt 0:00:03]} Rc2 {[%emt 0:00:07]} 77. Kg6 {[%emt 0:00:04]} Re2 {[%emt 0:00:05]} 78. Kh7 {[%emt 0:00:15]} Re7+ {[%emt 0:00:05]} 79. Kg8 {[%emt 0:00:01]} Re8+ {[%emt 0:00:05]} 80. Kg7 {[%emt 0:00:02]} Re2 {[%emt 0:00:12]} 81. Qh4 {[%emt 0:00:10]} Re6 {[%emt 0:00:15]} 82. Qd8 {[%emt 0:00:04]} Re4 {[%emt 0:00:07]} 83. Qa5+ {[%emt 0:00:02]} Ke6 {[%emt 0:00:03]} 84. Qa2+ {[%emt 0:00:03]} Rc4 {[%emt 0:00:07]} 85. Kh6 {[%emt 0:00:07]} Kf6 {[%emt 0:00:06]} 86. Qb2+ {[%emt 0:00:06]} Ke6 {[%emt 0:00:04]} 87. Kg6 {[%emt 0:00:03]} Re4 {[%emt 0:00:03]} 88. Qb3+ {[%emt 0:00:08]} Ke5 {[%emt 0:00:03]} 89. Qc3+ {[%emt 0:00:02]} Kd5 {[%emt 0:00:03]} 90. Qd3+ {[%emt 0:00:03]} Kc6 {[%emt 0:00:04]} 91. Qc3+ {[%emt 0:00:02]} Rc4 {[%emt 0:00:07]} 92. Qd3 {[%emt 0:00:05]} Kc5 {[%emt 0:00:05]} 93. Qe3+ {[%emt 0:00:04]} Kd5 {[%emt 0:00:02]} 94. Qd3+ {[%emt 0:00:02]} Rd4 {[%emt 0:00:03]} 95. Qb3+ {[%emt 0:00:02]} Ke4 {[%emt 0:00:02]} 96. Qe6+ {[%emt 0:00:03]} Kf3 {[%emt 0:00:06]} 97. Qe1 {[%emt 0:00:03]} Rd3 {[%emt 0:00:06]} 98. Qf1+ {[%emt 0:00:02]} Ke3 {[%emt 0:00:02]} 99. Kg5 {[%emt 0:00:05]} Rd4 {[%emt 0:00:10]} 100. Qe1+ {[%emt 0:00:05]} Kd3 {[%emt 0:00:03]} 101. Kf6 {[%emt 0:00:06]} Kc4 {[%emt 0:00:07]} 102. Qe6+ {[%emt 0:00:04]} Kd3 {[%emt 0:00:06]} 103. Qb3+ {[%emt 0:00:03]} Ke2 {[%emt 0:00:12]} 104. Qb2+ {[%emt 0:00:06]} Rd2 {[%emt 0:00:04]} 105. Qa3 {[%emt 0:00:03]} Ke1 {[%emt 0:00:07]} 106. Kg6 {[%emt 0:00:03]} Ke2 {[%emt 0:00:04]} 107. Qa6+ {[%emt 0:00:03]} Kf2 {[%emt 0:00:04]} 108. Qa5 {[%emt 0:00:10]} Ke2 {[%emt 0:00:04]} 109. Qe5+ {[%emt 0:00:03]} Kf2 {[%emt 0:00:03]} 110. Qf4+ {[%emt 0:00:02]} Ke2 {[%emt 0:00:03]} 111. Kh5 {[%emt 0:00:03]} Ke1 {[%emt 0:00:05]} 112. Qe3+ {[%emt 0:00:05]} Kd1 {[%emt 0:00:05]} 113. Qg1+ {[%emt 0:00:05]} Ke2 {[%emt 0:00:05]} 114. Qg2+ {[%emt 0:00:03]} Ke3 {[%emt 0:00:03]} 115. Qg1+ {[%emt 0:00:03]} Ke2 {[%emt 0:00:03]} 116. Qg2+ {[%emt 0:00:02]} Ke3 {[%emt 0:00:03]} 117. Qg1+ {[%emt 0:00:03]} Ke2 {[%emt 0:00:02]} 1/2-1/2

[Event "European Online Club-ch-A 2021"]
[Site "Online"]
[Date "2021.03.27"]
[Round "4.8"]
[White "Hulka, Valentyn"]
[Black "Tinmaz, Kerem"]
[Result "1-0"]
[WhiteElo "2089"]
[BlackElo "1614"]
[Annotator "NA"]
[PlyCount "37"]
[EventDate "2021.03.27"]
[EventType "team-tourn"]
[EventCountry "NET"]
[SourceTitle "playchess.com"]
[Source "ChessBase"]
[SourceQuality "1"]
[TimeControl "900+5"]

1. e4 {[%emt 0:00:00]} g6 {[%emt 0:00:03]} 2. d4 {[%emt 0:00:03]} Bg7 {[%emt 0:00:02]} 3. Nf3 {[%emt 0:00:02]} d6 {[%emt 0:00:04]} 4. Bc4 {[%emt 0:00:01]} e6 {[%emt 0:00:02]} 5. Bb3 {[%emt 0:00:11]} Ne7 {[%emt 0:00:04]} 6. O-O {[%emt 0:00:03]} O-O {[%emt 0:00:03]} 7. Re1 {[%emt 0:00:03]} b6 {[%emt 0:00:15]} 8. a4 {[%emt 0:00:04]} d5 {[%emt 0:00:16]} 9. Nc3 {[%emt 0:01:21]} dxe4 {[%emt 0:01:13]} 10. Nxe4 {[%emt 0:00:06]} a5 {[%emt 0:00:20]} 11. Bg5 {[%emt 0:00:19]} Nd7 {[%emt 0:00:37]} 12. d5 {[%emt 0:02:57]} exd5 {[%emt 0:05:01]} 13. Bxd5 {[%emt 0:01:08]} Rb8 {[%emt 0:01:37]} 14. Nd4 {[%emt 0:00:54]} Bxd4 {[%emt 0:02:51]} 15. Qxd4 {[%emt 0:00:08]} c5 {[%emt 0:01:29]} 16. Qd2 {[%emt 0:00:58]} Bb7 {[%emt 0:00:52]} 17. Bxb7 {[%emt 0:00:18]} Rxb7 {[%emt 0:00:54]} 18. Rad1 {[%emt 0:00:02]} Re8 {[%emt 0:00:31]} 19. Nd6 {[%emt 0:00:12]} 1-0